000 00261nam a2200109Ia 4500
008 250224s9999 xx 000 0 und d
020 _a9781444117141
082 _a344.42044MEN
245 0 _aMental Health Law...
942 _cBK
999 _c472357
_d472357